Atlas of the second world war / (Record no. 187892)
[ view plain ]
| 000 -LEADER | |
|---|---|
| fixed length control field | 00972 a2200265 4500 |
| 003 - CONTROL NUMBER IDENTIFIER | |
| control field | Nust |
| 005 - DATE AND TIME OF LATEST TRANSACTION | |
| control field | 20250114103340.0 |
| 010 ## - LIBRARY OF CONGRESS CONTROL NUMBER | |
| LC control number | 00556709 |
| 020 ## - INTERNATIONAL STANDARD BOOK NUMBER | |
| International Standard Book Number | 0304352861 |
| 040 ## - CATALOGING SOURCE | |
| Transcribing agency | Nust |
| 082 00 - DEWEY DECIMAL CLASSIFICATION NUMBER | |
| Classification number | 954.73,ATL |
| 245 00 - TITLE STATEMENT | |
| Title | Atlas of the second world war / |
| Statement of responsibility, etc. | Edited by Brigadier Peter Young ; Cartography by Richard Natkiel. |
| 246 3# - VARYING FORM OF TITLE | |
| Title proper/short title | Cassell atlas of the second world war |
| 260 ## - PUBLICATION, DISTRIBUTION, ETC. | |
| Place of publication, distribution, etc. | London : |
| Name of publisher, distributor, etc. | Cassell ; |
| Place of publication, distribution, etc. | New York : |
| Name of publisher, distributor, etc. | Sterling [distributor], |
| Date of publication, distribution, etc. | 1999. |
| 300 ## - PHYSICAL DESCRIPTION | |
| Extent | 1 atlas (288 p.) : |
| Other physical details | ill., col. maps ; |
| Dimensions | 28 cm. |
| 500 ## - GENERAL NOTE | |
| General note | " |
| 650 #0 - SUBJECT ADDED ENTRY--TOPICAL TERM | |
| Topical term or geographic name entry element | Atlases, British. |
| 9 (RLIN) | 127542 |
| 650 #0 - SUBJECT ADDED ENTRY--TOPICAL TERM | |
| Topical term or geographic name entry element | World War, 1939-1945 |
| 9 (RLIN) | 28174 |
| 650 #0 - SUBJECT ADDED ENTRY--TOPICAL TERM | |
| Topical term or geographic name entry element | World War, 1939-1945 |
| General subdivision | Campaigns. |
| 700 1# - ADDED ENTRY--PERSONAL NAME | |
| Personal name | Natkiel, Richard. |
| 9 (RLIN) | 47038 |
| 700 1# - ADDED ENTRY--PERSONAL NAME | |
| Personal name | Young, Peter, |
| Dates associated with a name | 1915- |
| 9 (RLIN) | 127543 |
| 710 2# - ADDED ENTRY--CORPORATE NAME | |
| Corporate name or jurisdiction name as entry element | Weidenfeld and Nicolson (Firm) |
| 9 (RLIN) | 127544 |
| 856 42 - ELECTRONIC LOCATION AND ACCESS | |
| Materials specified | Publisher description |
| Uniform Resource Identifier | <a href="http://www.loc.gov/catdir/description/ste021/00556709.html">http://www.loc.gov/catdir/description/ste021/00556709.html</a> |
| 942 ## - ADDED ENTRY ELEMENTS (KOHA) | |
| Source of classification or shelving scheme | |
| Koha item type | Book |
| Classification part | 954.73,ATL |
| Withdrawn status | Lost status | Source of classification or shelving scheme | Damaged status | Not for loan | Permanent Location | Current Location | Shelving location | Date acquired | Full call number | Barcode | Date last seen | Koha item type | Public note | Total Checkouts | Price effective from |
|---|---|---|---|---|---|---|---|---|---|---|---|---|---|---|---|
| Military College of Signals (MCS) | Military College of Signals (MCS) | General Stacks | 01/14/2025 | 954.73,ATL | MCS38866 | 12/08/2016 | Book | Almirah No.61, Shelf No.6 | |||||||
| Military College of Signals (MCS) | Military College of Signals (MCS) | General Stacks | 10/09/2025 | 954.73,ATL | MCS30955 | 10/09/2025 | Book | Almirah No.76, Shelf No.3 | 10/09/2025 |
